Plan de acción para la prevención de riesgos laborales en la empresa H&J, S.A
Desarrolló un plan de acción para la prevención de riesgos laborales en H&J, S.A; empresa que brinda servicios de telecomunicaciones en fibra óptica y cable HFC para televisión e internet. Para llevar a cabo el plan de acción se realizó una evaluación de riesgos por puestos de trabajo;...
| Main Authors: | , |
|---|---|
| Other Authors: | |
| Format: | Tesis Section = Libro |
| Language: | Undetermined Spanish |
| Published: |
Managua
UNI
2016
|
| Subjects: |
| LEADER | 01305nam a2200265Ia 4500 | ||
|---|---|---|---|
| 008 | 240830s9999 xx 000 0 und d | ||
| 040 | |a BIBLIOTECA-RUPAP Mon 363.11 E77 | ||
| 041 | |a spa | ||
| 082 | |a Mon 363.11 E77 | ||
| 100 | 1 | |a Espino Flores, Karla Daniezka | |
| 100 | 1 | |b Mejía Campos, Zuleyma Massiell | |
| 245 | 1 | 0 | |a Plan de acción para la prevención de riesgos laborales en la empresa H&J, S.A |
| 260 | |a Managua |b UNI |c 2016 | ||
| 300 | |a 214 p. :il. | ||
| 500 | |a Contiene: Anexos y CD | ||
| 502 | |a Tesis (Ingeniero Industrial)- UNI, 2016. | ||
| 520 | 3 | |a Desarrolló un plan de acción para la prevención de riesgos laborales en H&J, S.A; empresa que brinda servicios de telecomunicaciones en fibra óptica y cable HFC para televisión e internet. Para llevar a cabo el plan de acción se realizó una evaluación de riesgos por puestos de trabajo; con apoyo del Procedimiento Técnico de Higiene y Seguridad del Trabajo para la Evaluación de Riesgos en los Centros de Trabajo emitido por el Ministerio del Trabajo. | |
| 650 | 7 | |a RIESGOS LABORALES | |
| 650 | 7 | |b MAPA DE RIESGOS LABORALES | |
| 650 | 7 | |c ACCIDENTES DE TRABAJO- PREVENCION | |
| 650 | 7 | |d SALUD OCUPACIONAL | |
| 700 | 1 | |a Tutor: |b Martínez, Marbel Gutiérrez | |
| 942 | |c BK |2 ddc | ||
| 991 | |a TESIS | ||
| 999 | |c 15444 | ||